LEADER 01097nam a2200277 i 4500 001 000000158211 003 CaOOAMICUS 005 20070202000000.0 008 070202s1989 it u000 u ita u 013 $a135574 020 $a88-452-1444-3 040 $aSeMil$bita 245 10$aArte italiana :$bpresenze, 1900-1945 /$cA cura di Pontus Hulten e Germano Celant. 260 $aSonzogno :$bBompiani,$c1989. 300 $a772 p. :$briccamente ill. ;$c31 cm. 500 $aFondo Ciprandi. 650 4$aArte - Italia - 1900-1945.$0(OLS)http://semarc/subject/16871 700 1 $aCelant, Germano <1940- >.$0(OLS)http://semarc/name/41293 700 1 $aHulten, Pontus.$0(OLS)http://semarc/name/41292 850 $aSeMil 852 $aSeMil$W1$xVenegono$y1$m5T X 1$j109868$B109868$CSeMilBibl$Z2$F119504 $8I 941 1 $a1 961 $aOmaggio: Ciprandi dott. Paolo 996 $6020$a88-452-1444-3$9(OLS)http://semarc/number/73579 996 $6245$aArte italiana :$bpresenze, 1900-1945$9(OLS)http://semarc/title/139493 996 $6260$aSonzogno :$bBompiani$9(OLS)http://semarc/publisher/34090 LEADER 01160nam a2200265 i 4500 001 000000191516 003 CaOOAMICUS 005 20100809000000.0 008 100809s1971 it u000 u ita u 013 $a170072 040 $aSeMil$bita 100 1 $aQuacquarelli, Antonio.$0(OLS)http://semarc/name/3 245 10$aSaggi patristici :$b(retorica ed esegesi biblica) /$cAntonio Quacquarelli. 260 $aBari :$bAdriatica,$c1971. 300 $a556 p., [15] c. di tav. :$bill. ;$c25 cm. 490 0 $aQuaderni di Vetera Christianorum ;$v5 650 4$aBibbia - Interpretazione.$0(OLS)http://semarc/subject/1295 650 4$aLetteratura cristiana - Studi.$0(OLS)http://semarc/subject/13411 650 4$aPatristica - Studi.$0(OLS)http://semarc/subject/3628 830 0$aQuaderni di Vetera Christianorum ;$v5.$0(OLS)http://semarc/title/31198 850 $aSeMil 852 $aSeMil$W1$xVenegono$y1$m2U IV 105$j142130$B142130$CSeMilBibl$Z2$F153661 $81 961 $aRecupero: Altro 996 $6245$aSaggi patristici :$b(retorica ed esegesi biblica)$9(OLS)http://semarc/title/275964 996 $6260$aBari :$bAdriatica$9(OLS)http://semarc/publisher/30181